Hệ thống chế độ chính sách mới về lao động, tiền lương và bảo hiểm xã hội

Zapisane w:
Opis bibliograficzny
1. autor: Quốc Cường
Format: Książka
Język:Undetermined
Wydane: Đồng Nai Tổng Hợp Đồng Nai 2005
Hasła przedmiotowe:
Etykiety: Dodaj etykietę
Nie ma etykietki, Dołącz pierwszą etykiete!
Thư viện lưu trữ: Trung tâm Học liệu Trường Đại học Cần Thơ
LEADER 00706nam a2200205Ia 4500
001 CTU_73775
008 210402s9999 xx 000 0 und d
020 |b 98000 
082 |a 344.59701 
082 |b Qu451 
100 |a Quốc Cường 
245 0 |a Hệ thống chế độ chính sách mới về lao động, tiền lương và bảo hiểm xã hội 
245 0 |c Quốc Cường, Hoàng Anh sưu tầm 
260 |a Đồng Nai 
260 |b Tổng Hợp Đồng Nai 
260 |c 2005 
650 |a labor laws and legislation,public welfare 
650 |x vietnam 
904 |i Mai Loan 
980 |a Trung tâm Học liệu Trường Đại học Cần Thơ